000 00709nam a2200277Ia 4500
008 200601s9999 xx 000 0 und d
020 _a978-1-119-52707-7
050 _aComSc QA 76.73
050 _b.S67T39 2019
100 _aTaylor, Allen G.
245 0 _aSQL /
245 0 _cAllen G. Taylor.
250 _a9th Edition
260 _aNew Jersey :
260 _bJohn Wiley & Sons,
260 _c2019
300 _a494 pages :
300 _billustrations ;
300 _c24 cm.
440 _aFor dummies
500 _aIncludes index.
650 _aRelational databases.
650 _aSQL (Computer program language).
650 _xComputer programming.
650 _xDatabas management.
999 _c363155
_d363155